000 00310 a2200133 4500
001 92387
082 _a891.4394 ALI
090 _c44355
_d44356
100 _aAli Muhammad Khan, Dr
245 _aQirtas wa qalam
260 _aLahore
_bAl-Faisal
_c2015
300 _a215 p.
600 _aurdu adab -mazameen
942 _aCAE NUST
_k891.4394 ALI
999 _c327460
_d327460